Statystyki dla Quiz o województwie warmińsko-mazurskim

Kliknij tutaj aby rozwiązać quiz!

Ogólne statystyki

  • Ten quiz został rozwiązany 59 razy
    (44 od ostatniego zresetowania)
  • Średni wynik to 11 z 19

Statystyki odpowiedzi

WskazówkaOdpowiedź% Poprawnych
Województwa graniczącemazowieckie
100%
Województwa graniczącepodlaskie
100%
Województwa graniczącepomorskie
100%
Województwa graniczącekujawsko-pomorskie
92%
Siedziba rządówOlsztyn
92%
Drugie najludniejsze miastoElbląg
81%
Liczba gmin miejskich16
64%
Liczba powiatów19
61%
Liczba gmin miejsko-wiejskich34
58%
Najbardziej na południe wysunięty
powiat
Powiat
{działdowski}
56%
Najbardziej na zachód wysunięty
powiat
Powiat {iławski}
50%
Najbardziej na północ wysunięty
powiat
Powiat {braniewski}
44%
Liczba gmin wiejskich66
42%
Najbardziej na wschód wysunięty
powiat
Powiat {gołdapski}
39%
Najmniej zaludniony powiatPowiat {węgorzewski}
31%
WojewodaArtur Chojecki
22%
MarszałekGustaw
Marek Brzezin
11%
Najmniejsze miasto pod względem
powierzchni
Bisztynek
6%
Poprzedni wojewodaMarian Podziewski
3%

Rozkład punktacji

Percentyl według liczby udzielonych odpowiedzi

Procent ludzi z każdym wynikiem

Twoja historia wyników

Nie rozwiązałeś tego quizu od ostatniego zresetowania